Macho Literature Quiz Stats

Quiz Updated Jan 24, 2015

Also try: Click A Bro
Challenge
Share
Tweet
Embed
Score 0/25 Timer 06:00
1 Play Today
% Correct
Lord of the Flies
87.4%
The Shining
87.2%
Frankenstein
87.2%
The Great Gatsby
86.1%
Moby-Dick
84.8%
To Kill a Mockingbird
84.7%
The Old Man and the Sea
84.4%
The Time Machine
84.3%
Harry Potter and the Chamber of Secrets
82.3%
Anna Karenina
78.9%
Les Misérables
76.9%
The Scarlet Letter
76.3%
Animal Farm
74.1%
% Correct
The Iliad
73.5%
Oliver Twist
73.4%
The Lion, the Witch, and the Wardrobe
69.7%
Crime and Punishment
67.9%
Mockingjay (Hunger Games)
67.8%
Heart of Darkness
67.1%
The Merchant of Venice
66.8%
Watership Down
64.9%
The Catcher in the Rye
49.7%
East of Eden
48.6%
Ethan Frome
45.4%
Danny, The Champion of the World
37.4%

You're not logged in!

Compare scores with friends on all Sporcle quizzes.
Sign Up with Email
OR
Log In

You Might Also Like...

Show Comments

Extras

Top Quizzes Today


Score Distribution

Your Account Isn't Verified!

In order to create a playlist on Sporcle, you need to verify the email address you used during registration. Go to your Sporcle Settings to finish the process.